<?xml version="1.0" encoding="UTF-8"?>
<record
    xmlns:xsi="http://www.w3.org/2001/XMLSchema-instance"
    xsi:schemaLocation="http://www.loc.gov/MARC21/slim http://www.loc.gov/standards/marcxml/schema/MARC21slim.xsd"
    xmlns="http://www.loc.gov/MARC21/slim">

  <leader>01739pam a2200385 a 4500</leader>
  <controlfield tag="001">000011187</controlfield>
  <controlfield tag="005">20200929162401.0</controlfield>
  <controlfield tag="008">841029s1985    nyua     b    101 0 eng c</controlfield>
  <datafield tag="020" ind1=" " ind2=" ">
    <subfield code="z">0881670715</subfield>
  </datafield>
  <datafield tag="020" ind1=" " ind2=" ">
    <subfield code="z">0881670561</subfield>
  </datafield>
  <datafield tag="035" ind1=" " ind2=" ">
    <subfield code="a">(DLC) 84024901</subfield>
  </datafield>
  <datafield tag="040" ind1=" " ind2=" ">
    <subfield code="a">DO-SdBNP</subfield>
    <subfield code="b">spa</subfield>
    <subfield code="c">BNPHU</subfield>
    <subfield code="d">DLC</subfield>
  </datafield>
  <datafield tag="050" ind1="0" ind2="0">
    <subfield code="a">QP376</subfield>
    <subfield code="b">.N64 1983</subfield>
  </datafield>
  <datafield tag="082" ind1=" " ind2=" ">
    <subfield code="a">612/.822</subfield>
    <subfield code="2">19</subfield>
  </datafield>
  <datafield tag="111" ind1="1" ind2=" ">
    <subfield code="a">Nobel Conference (Karolinska institutet)</subfield>
    <subfield code="n">(7ma. :</subfield>
    <subfield code="d">1983 :</subfield>
    <subfield code="c">Saltsjobaden, Suecia)</subfield>
    <subfield code="9">26728</subfield>
  </datafield>
  <datafield tag="245" ind1="1" ind2="4">
    <subfield code="a">The metabolism of the human brain studied with positron emission tomography /</subfield>
    <subfield code="c">editores Torgny Greitz, David H. Ingvar yLennart Widen.</subfield>
  </datafield>
  <datafield tag="260" ind1=" " ind2=" ">
    <subfield code="a">New York :</subfield>
    <subfield code="b">Raven Press,</subfield>
    <subfield code="c">c1985.</subfield>
  </datafield>
  <datafield tag="300" ind1=" " ind2=" ">
    <subfield code="a">xxvi, 507 p. :</subfield>
    <subfield code="b">il. ;</subfield>
    <subfield code="c">25 cm.</subfield>
  </datafield>
  <datafield tag="500" ind1=" " ind2=" ">
    <subfield code="a">"Sobre la base de los trabajos de la Conferencia Nobel de sesiones, celebrado en Saltsjobaden, Suecia, 17-20 de mayo, 1983 "- Tp verso.</subfield>
  </datafield>
  <datafield tag="500" ind1=" " ind2=" ">
    <subfield code="a">Los patrocinadores de la reuni&#xF3;n, la Asamblea Nobel del Instituto Karolinska, ... [et al.] "- P. enfrenta T.P.</subfield>
  </datafield>
  <datafield tag="504" ind1=" " ind2=" ">
    <subfield code="a">Incluye referencias bibliogr&#xE1;ficas e &#xED;ndice.</subfield>
  </datafield>
  <datafield tag="650" ind1=" " ind2="0">
    <subfield code="a">Brain chemistry</subfield>
    <subfield code="x">Congresses.</subfield>
    <subfield code="9">26729</subfield>
  </datafield>
  <datafield tag="650" ind1=" " ind2="0">
    <subfield code="a">Energy metabolism</subfield>
    <subfield code="x">Congresses.</subfield>
    <subfield code="9">26730</subfield>
  </datafield>
  <datafield tag="650" ind1=" " ind2="0">
    <subfield code="a">Tomography, emission</subfield>
    <subfield code="x">Congresses.</subfield>
    <subfield code="9">26731</subfield>
  </datafield>
  <datafield tag="650" ind1=" " ind2="0">
    <subfield code="a">Brain</subfield>
    <subfield code="x">Diseases</subfield>
    <subfield code="x">Diagnosis</subfield>
    <subfield code="x">Congresses.</subfield>
    <subfield code="9">26732</subfield>
  </datafield>
  <datafield tag="650" ind1=" " ind2="2">
    <subfield code="a">Brain</subfield>
    <subfield code="x">Metabolism</subfield>
    <subfield code="x">Congresses.</subfield>
    <subfield code="9">26733</subfield>
  </datafield>
  <datafield tag="650" ind1=" " ind2="2">
    <subfield code="a">Brain</subfield>
    <subfield code="x">Radionuclide imaging</subfield>
    <subfield code="x">Congresses.</subfield>
    <subfield code="9">26734</subfield>
  </datafield>
  <datafield tag="650" ind1=" " ind2="2">
    <subfield code="a">Tomography, emission computed</subfield>
    <subfield code="x">Congresses.</subfield>
    <subfield code="9">26735</subfield>
  </datafield>
  <datafield tag="700" ind1="1" ind2=" ">
    <subfield code="a">Greitz, Torgny Valdemar Bernhard,</subfield>
    <subfield code="d">1921-</subfield>
    <subfield code="e">ed.</subfield>
    <subfield code="9">26736</subfield>
  </datafield>
  <datafield tag="700" ind1="1" ind2=" ">
    <subfield code="a">Ingvar, David H.,</subfield>
    <subfield code="e">ed.</subfield>
    <subfield code="9">26737</subfield>
  </datafield>
  <datafield tag="700" ind1="1" ind2=" ">
    <subfield code="a">Widen, Lennart.</subfield>
    <subfield code="e">ed.</subfield>
    <subfield code="9">26738</subfield>
  </datafield>
  <datafield tag="710" ind1="2" ind2=" ">
    <subfield code="a">Karolinska institutet.</subfield>
    <subfield code="b">Nobel Assembly.</subfield>
    <subfield code="9">26739</subfield>
  </datafield>
  <datafield tag="910" ind1=" " ind2=" ">
    <subfield code="a">Catalogaci&#xF3;n por copia / LC</subfield>
  </datafield>
  <datafield tag="049" ind1=" " ind2=" ">
    <subfield code="a">BNGR</subfield>
  </datafield>
  <datafield tag="952" ind1=" " ind2=" ">
    <subfield code="0">0</subfield>
    <subfield code="1">0</subfield>
    <subfield code="5">2</subfield>
    <subfield code="7">0</subfield>
    <subfield code="8">MO</subfield>
    <subfield code="a">GR</subfield>
    <subfield code="b">GR</subfield>
    <subfield code="c">CT</subfield>
    <subfield code="d">2009-10-14</subfield>
    <subfield code="i">LF1</subfield>
    <subfield code="l">0</subfield>
    <subfield code="o">612/.822 </subfield>
    <subfield code="p">11187-10</subfield>
    <subfield code="r">2020-06-25</subfield>
    <subfield code="w">2020-06-25</subfield>
    <subfield code="y">2</subfield>
    <subfield code="Z">Pr&#xE9;stamo interno</subfield>
  </datafield>
  <datafield tag="952" ind1=" " ind2=" ">
    <subfield code="0">0</subfield>
    <subfield code="1">0</subfield>
    <subfield code="5">3</subfield>
    <subfield code="7">2</subfield>
    <subfield code="8">MO</subfield>
    <subfield code="a">GR</subfield>
    <subfield code="b">GR</subfield>
    <subfield code="c">CT</subfield>
    <subfield code="d">2009-10-14</subfield>
    <subfield code="i">LF1</subfield>
    <subfield code="l">0</subfield>
    <subfield code="o">612/.822 </subfield>
    <subfield code="p">11187-20</subfield>
    <subfield code="r">2020-06-25</subfield>
    <subfield code="t">e.2</subfield>
    <subfield code="w">2020-06-25</subfield>
    <subfield code="y">2</subfield>
    <subfield code="Z">Pr&#xE9;stamo interno</subfield>
  </datafield>
  <datafield tag="999" ind1=" " ind2=" ">
    <subfield code="c">10909</subfield>
    <subfield code="d">10909</subfield>
  </datafield>
</record>
